00818nam a22002417a 45000010005000000030006000050050017000110080041000280200018000690400033000870500015001200820012001351000017001472450072001642600035002363000041002714900030003125050007003425200175003495210019005245210018005436500015005612224FISKH20231110150726.0231110b cb ||||| |||| 00| 0 eng d a9780545054560 aFISKH bengcFISKH dFISKH  aPZ7.M85354 a823.92  aMoss, Olivia aDazzle's first day /cby Olivia Moss ; illustrated by Helen Turner. aNew York ;bScholastic,c2008. a70 pages : billustrations ; c20 cm aButterfly meadowvBook 1  aN  aDazzle is a brand-new butterfly, fresh out of her cocoon. She doesn't know how to fly, and she's all alone! But Butterfly Meadow could be just what Dazzle is looking for.8 a580 bLexile 8 aN bRaz-Plus  aButterfly